| 000 | 00626nam a2200193 a 4500 | ||
|---|---|---|---|
| 001 | 000009588 | ||
| 005 | 20200929161632.0 | ||
| 008 | 900529s1985 ck 000 1 spa | ||
| 040 |
_aDO-SdBNP _dBNPHU |
||
| 082 |
_aC863.3 _bM361 |
||
| 100 | 1 |
_aMarroquín, José Manuel, _d1827-1908. _924430 |
|
| 245 | 1 | 3 |
_aEl moro / _cJosé Manuel Marroquín. |
| 260 |
_aBogota : _bEditorial Oveja Negra, _cc1985. |
||
| 300 |
_a195 p. ; _c20 cm. |
||
| 490 | 1 |
_aBiblioteca de literatura colombiana _v60 |
|
| 650 | 4 |
_aNovela colombiana _91243 |
|
| 650 | 4 |
_aLiteratura colombiana _91244 |
|
| 830 | 0 |
_aBiblioteca de literatura colombiana ; _v60 _924431 |
|
| 999 |
_c9348 _d9348 |
||